|
|
|
|
| LEADER |
00847cam a2200217 7i4500 |
| 001 |
0000053460 |
| 005 |
20231017090000.0 |
| 020 |
|
|
|a 9780387448993 (electronic book)
|
| 090 |
0 |
0 |
|a QD251.2
|b .C34 2007
|
| 100 |
1 |
|
|a Carey, Francis A
|
| 245 |
1 |
0 |
|a Advanced organic chemistry :
|b structure and mechanics
|c Francis A. Carey, Richard J. Sundberg.
|
| 250 |
|
|
|a Fifth edition.
|
| 260 |
|
|
|a New York, NY:
|b Springer,
|c 2007.
|
| 300 |
|
|
|a 1 online resource (viii, 1199 pages):
|b illustrations, text file, PDF.
|
| 650 |
0 |
0 |
|a Chemistry, Organic
|
| 700 |
1 |
|
|a Sundberg, Richard J.
|
| 856 |
4 |
2 |
|u http://library.unisel.edu.my/web/guest/mylibrary
|
| 997 |
|
|
|a Engineering & Life Sciences, Faculty
|b Science & Biotechnology, Department
|
| 998 |
|
|
|a Bioinformatics, Degree
|
| 998 |
|
|
|a Biotechnology, Degree
|
| 999 |
|
|
|a EBO0000077
|b EBOOK
|c EBOOK
|e Electronic resources
|